MDQL
is popping MORE tags! Check the
thread
!
Quizzes
Events
Quiz Creation
Community
Videos
Private Events
Remove Ads
Sign In
Join for FREE
Feedback
Dark Mode
Quiz Categories
Sports
Geography
Music
Movies
Television
Just For Fun
Miscellaneous
History
Literature
Language
Science
Gaming
Entertainment
Religion
Holiday
For Kids
Quiz Lab
Recent
Popular Today
Quiz Kudos Today
Editor Picks
Curator Picks
Quizzes by...
Day
Popularity
Type
Ratings
Length
Year
Community
Subscriptions
Recent Discussions
Orange Saloon
Badges
Playlists
Quests
Create
Leaderboards
Showdown
Live 5
Trivia Bingo
Activity
Puzzle Library
Sporcle Events
Private Events
Virtual Trivia
Globe League
Become a Host
Pub Owners
SporcleCon
Opinionation
Our Games
Videos
Blog
Mobile Apps
Partnerships
Remove Ads and Go Orange
Feedback
Sports
Athletes
MLB
NBA
NHL
NFL
Soccer
Sports Teams
WWE
NCAA
Football
Premier League
Basketball
Baseball
Hockey
Golf
Tennis
Cricket
Rugby
Auto Racing
Olympics
World Cup
Sports
Athletes
MLB
NBA
NHL
NFL
Soccer
Sports Teams
WWE
NCAA
Football
Premier League
Basketball
Baseball
Hockey
Golf
Tennis
Cricket
Rugby
Auto Racing
Olympics
World Cup
Random Quiz
Search Sporcle
×
Quiz Lab
Quiz Lab
Sports
rumble
Type in answers that appear in a list
Type in answers that appear in a list
Classic
Best Score? Go Orange.
2014 Royal Rumble Particpants Stats
Can you name the 2014 Royal Rumble Particpants
By
lesnar
4m
30 Questions
30 Plays
30 Plays
30 Plays
Comments
Comments
Give Quiz Kudos
Give Quiz Kudos
-
- Ratings
hide this ad
Replay
Link that replays current quiz
Next Quiz
Link to next quiz in quiz playlist
You Got
0%
They Got
Avg Score
70%
Avg Friend Score
Upgrade to see
Score Distribution
Jump to the score distribution portion of the page
Score
0/30
Timer
04:00
0
Plays Today
Entry #
Answer
% Correct
1
CM Punk
93.3%
2
Seth Rollins
93.3%
5
Kane
93.3%
30
Rey Mysterio
93.3%
11
Dean Ambrose
90%
15
Roman Reigns
90%
12
Dolph Ziggler
86.7%
28
Batista
83.3%
17
Sheamus
76.7%
18
The Miz
76.7%
21
Cesaro
76.7%
4
Cody Rhodes
73.3%
10
Goldust
73.3%
8
Kofi Kingston
70%
6
Rusev
66.7%
Entry #
Answer
% Correct
7
Jack Swagger
66.7%
9
Jimmy Uso
66.7%
14
Kevin Nash
66.7%
22
Luke Harper
66.7%
23
Jey Uso
66.7%
25
Erick Rowan
66.7%
26
Ryback
66.7%
13
R-Truth
56.7%
24
JBL
56.7%
29
Big E
56.7%
3
Damien Sandow
53.3%
16
Great Khali
53.3%
20
El Torito
53.3%
27
Alberto Del Rio
46.7%
19
Fandango
43.3%
Quiz Playlist
Details
Report
Send in Message
Add To Playlist
Classic:
Type in answers that appear in a list
Last Updated: Feb 16, 2017
Quiz Scoreboard
CHALLENGE
Sign Up to Join the Scoreboard
Show All
Scores
Hide
Comments
May contain spoilers
Recently Published
Holiday 10x10 Sorting Gallery
by lukepisani3
Holiday
15m
Two Season TV Shows II
by 123Four
Television
10m
Image Sorting: Flags VI
by Barbecue
Geography
2m
More to Explore
Quiz From the Vault
Featured Blog Post
14 Easter Pick-up Lines to Find Eggs With
hide this ad
You Might Also Like...
Tags
2014
Entry
participant
Royal
rumble
Today's Top Quizzes in Sports
Browse Sports
hide this ad
Today's Top Quizzes in rumble
Browse rumble
Top Contributed Quizzes in Sports
1
Les meilleurs buteurs des matchs entre le PSG et l’OM
2
Les entraîneurs de l'OM et du PSG au 21e siècle
3
2022 World Cup Stars
4
Les joueurs passés par le PSG et l'OM
5
Players with Multiple 50 Home Run Seasons
6
FIFA Club World Cup Champions
7
Criteria MLB: Left Handed Sluggers
8
Les joueurs passés par le LOSC et le RC Lens
9
Top 10 NHL Goal Scorers of All Time
10
NBA Logic Puzzle 2.0
Explore More
Trending Topics
Anime
Kpop
Disney
Marvel
Harry Potter
NBA
Crossword
NFL
Country
Pokémon
Song
The Office
WWE
Puzzle
Soccer
hide this ad
More By:
lesnar
Quiz
Plays
Rating
Category
Featured
Created
WWE PPV Opponents of RVD
1,214
2.75
Sports
Jun 27, 2014
Name the WWE Wrestler
1,200
1.30
Sports
Jan 7, 2015
WWE PPV Opponents of Christian
933
1.00
Sports
Jul 19, 2014
wwe ppv opponents of hhh
742
1.00
Sports
Jun 8, 2014
WWE PPV Opponents of Matt Hardy
416
2.00
Sports
Jun 29, 2014
Go to Creator's Profile
Score Distribution
Quiz Creator Spotlight
lesnar
Follow
Send a Message
Quizzes Created
-
Created Quiz Play Count
-
More By This Creator
Popular Quizzes Today
1
Find the US States - No Outlines Minefield
2
Colored Red Africa Blitz
3
Find the 'City' Movie
4
The Countries of the World
5
5x2 Blitz: Bands
6
Find the Countries of Europe - No Outlines Minefield
7
Find the US States
8
US States
More Sports Quizzes
Grand Slam Tennis Tournaments
Published
Trending Quizzes
Colored Red Europe Blitz I
Colored Red Africa Blitz II
Colored Red Europe Blitz II
Even More Two Season TV Shows
Colored Red Africa Blitz III
Recently Updated
Odd Team Out - Big 4 Players
pecheneg
Quick Pick: 20 Twenties
pecheneg
March Madness Men's Triple Doubles
pecheneg
How Do You Spell That?
pecheneg
Godzilla Movies
pecheneg
Grab Bag: 4-10 Letters
pecheneg
2024 March Madness Bracket
pecheneg
Famous TV Couples
Peacemaker
Champions League XIs: Real Madrid
pecheneg
Largest US Cities 1790-2010
pecheneg
Trending Topics
Harry Potter
Crossword
Disney
Marvel
NBA
Kpop
Anime
WWE
Puzzle
Soccer
The Office
Pokémon
NFL
Country
Song
Your Account Isn't Verified!
In order to create a playlist on Sporcle, you need to verify the email address you used during registration. Go to your
Sporcle Settings
to finish the process.
Report this User
Report this user for behavior that violates our
Community Guidelines
.
Details:
Send Report
Go to the Sporcle.com Mobile Site →
Comments